Praktický sprievodca čerpaním finančných prostriedkov z fondov EÚ a z programov štátnej podpory SR

Gespeichert in:
Bibliographische Detailangaben
Hauptverfasser: Rudolf, Ján (Verfasst von), Kalužníková, Darina (Verfasst von)
Format: Schriftenreihe
Sprache:Slowakisch
Veröffentlicht: Bratislava : Verlag Dashöfer, 2004
Schlagworte:
Tags: Tag hinzufügen
Keine Tags, Fügen Sie das erste Tag hinzu!

MARC

LEADER 00000nas a22000003a 4500
001 stu89502
005 20150617225628.3
008 040806s2004----xo------------------slo-d
040 |a STU  |b slo 
041 0 |a slo 
044 |a xo 
080 |a 336.69 
080 |a 339.923 
100 1 |a Rudolf, Ján  |4 aut 
245 1 |a Praktický sprievodca čerpaním finančných prostriedkov z fondov EÚ a z programov štátnej podpory SR 
260 |a Bratislava :  |b Verlag Dashöfer,  |c 2004 
650 7 |a Európska únia  |2 stusub 
650 7 |a programy štátnej podpory  |2 stusub 
650 7 |a štrukturálne fondy  |2 stusub 
700 1 |a Kalužníková, Darina  |4 aut 
773 0 |t Praktický sprievodca čerpaním finančných prostriedkov z fondov EÚ a z programov štátnej podpory SR :  |w stu_us_cat*stu86606  |x 1336-4626  |7 nnas 
996 |b 284M060146  |c M*CD-503  |d Aktuálny stav: Júl 2004, 2004  |v Aktuálny stav: Júl 2004  |y 2004  |l MMKN  |s A  |a 24  |w stu89502_0001